Music Quiz

Random Music or Billboard Quiz

#1, If It Weren't For Wham! & George Michael Quiz Stats

 Plays Quiz not verified by Sporcle

Score 0/23 Timer 10:00
0 Plays Today
Hint Answer % Correct
W! - Wake Me Up Before You Go-Go (3 weeks, 1984)Purple Rain
86.3%
W! - Wake Me Up Before You Go-Go (3 weeks, 1984)Purple Rain
86.3%
GM - Father Figure (2 weeks, 1988)Never Gonna Give You Up
82.2%
W! - Everything She Wants (2 weeks, 1985)Everybody Wants To Rule The World
78.8%
W! - Everything She Wants (2 weeks, 1985)Don't You (Forget About Me)
78.1%
W!GM - Careless Whisper (3 weeks, 1985)I Want To Know What Love Is
69.2%
GM - Faith (4 weeks, 1987-88)Heaven Is A Place On Earth
63.7%
GM - Monkey (2 weeks, 1988)Sweet Child O' Mine
62.3%
GM - I Knew You Were Waiting (For Me) (2 weeks, 1987)Don't Dream It's Over
61.6%
GM - I Knew You Were Waiting (For Me) (2 weeks, 1987)Nothing's Gonna Stop Us Now
51.4%
GM - One More Try (3 weeks, 1988)Together Forever
50%
W!GM - Careless Whisper (3 weeks, 1985)Can't Fight This Feeling
47.3%
Hint Answer % Correct
GM - One More Try (3 weeks, 1988)Shattered Dreams
44.5%
GM - One More Try (3 weeks, 1988)Shattered Dreams
44.5%
GM - Praying For Time (1 week, 1990)Close To You
41.1%
GM - Faith (4 weeks, 1987-88)Is This Love
39%
GM - Don't Let The Sun Go Down On Me (1 week, 1992)I Love Your Smile
38.4%
W! - Wake Me Up Before You Go-Go (3 weeks, 1984)Out Of Touch
37.7%
GM - Faith (4 weeks, 1987-88)So Emotional
37.7%
GM - Faith (4 weeks, 1987-88)So Emotional
37.7%
GM - Father Figure (2 weeks, 1988)What Have I Done To Deserve This?
35.6%
W!GM - Careless Whisper (3 weeks, 1985)Lover Boy
25.3%
GM - Monkey (2 weeks, 1988)I Don't Wanna Go On With You Like That
20.5%

You're not logged in!

Compare scores with friends on all Sporcle quizzes.
OR
Log In

Sporcle TV

Today on Sporcle TV


Watch our educational content, quiz creation guides, and fun videos on Sporcle TV.

Show Comments

Extras

Top Quizzes Today


Score Distribution

Your Account Isn't Verified!

In order to create a playlist on Sporcle, you need to verify the email address you used during registration. Go to your Sporcle Settings to finish the process.

Report this User

Report this user for behavior that violates our Community Guidelines.

Details: